00224 a2200109 4500001000700000020000600007040001100013100000600024240004000030245003500070362000900105163986 a  cMagnum a-10aOs pensadores: santo agostinholpor10aOs pensadores: santo agostinho0 a1899